La religion naturelle / (Record no. 165400)

MARC details
000 -LEADER
campo de control de longitud fija 00821nam a22002535i 4500
001 - NÚMERO DE CONTROL
campo de control 165400
003 - IDENTIFICADOR DE NÚMERO DE CONTROL
campo de control ES-MaACL
005 - FECHA Y HORA DE LA ÚLTIMA TRANSACCIÓN
campo de control 20240218063024.0
008 - DATOS DE LONGITUD FIJA--INFORMACIÓN GENERAL
campo de control de longitud fija 960304s1857 fr |||| | fre d
040 ## - FUENTE DE CATALOGACIÓN
Centro catalogador/agencia de origen EUS
Lengua de catalogación spa
Centro/agencia transcriptor EUS
100 1# - ENTRADA PRINCIPAL--NOMBRE DE PERSONA
Nombre de persona Simon, Jules,
Fechas asociadas al nombre 1814-1896
9 (RLIN) 224189
245 13 - MENCIÓN DEL TÍTULO
Título La religion naturelle /
Mención de responsabilidad, etc. par Jules Simon.
250 ## - MENCION DE EDICION
Mención de edición 4e éd.
260 ## - PUBLICACIÓN, DISTRIBUCIÓN, ETC.
Lugar de publicación, distribución, etc. Paris :
Nombre del editor, distribuidor, etc. Librairie de L. Hachette et C\pie\s,
Fecha de publicación, distribución, etc. 1857 (
Fabricante Ch. Lahure, imprimeur du Sénat et de la Cour de Cassation)
300 ## - DESCRIPCIÓN FÍSICA
Extensión XXXI, 412 p. ;
Dimensiones 17 cm.
596 #1 - NOTA AL PIE DE IMPRENTA
NOTA AL PIE DE IMPRENTA Colofón.
597 #1 - NOTA DE DESCRIPCIÓN FÍSICA
NOTA DE DESCRIPCIÓN FÍSICA Signaturizado numéricamente.
597 #1 - NOTA DE DESCRIPCIÓN FÍSICA
NOTA DE DESCRIPCIÓN FÍSICA Antep.
700 11 - ENTRADA AGREGADA--NOMBRE PERSONAL
Nombre de persona Lahure, Ch.,
Término indicativo de función/relación
9 (RLIN) 224186
710 21 - ENTRADA AGREGADA--NOMBRE DE ENTIDAD CORPORATIVA
Nombre de entidad corporativa o nombre de jurisdicción como elemento de entrada Hachette,
Término indicativo de función/relación
9 (RLIN) 134431
752 ## - ENTRADA AGREGADA--NOMBRE JERÁRQUICO DEL LUGAR
País o entidad superior Francia -
Ciudad , París
852 ## - LOCALIZACIÓN
Ubicación ES-MaACL
Número de control de estantería D-4900
Nota libre -- Enc. hol.
Holdings
Estatus retirado Estado de pérdida Estado de daño No para préstamo Colección Biblioteca de origen Biblioteca actual Ubicación en estantería Fecha de adquisición Fuente de adquisición Total de préstamos Signatura topográfica completa Código de barras Visto por última vez Precio de reemplazo Tipo de ítem Koha
        Libros del s. XIX Biblioteca del Ateneo de Madrid Biblioteca del Ateneo de Madrid Sala Valle Inclán 17/01/2008     D-4900 901173445 23/02/2023 23/02/2023 Libro impreso antiguo